Visualizzazione normale
Vista MARC
- Landi, Antonio.
di Personal Name
Records bibliografici associati: 1
001 - CONTROL NUMBER
- control field: 57731
003 - CONTROL NUMBER IDENTIFIER
- control field:
005 - DATE AND TIME OF LATEST TRANSACTION
- control field: 20190402163856.0
008 - FIXED-LENGTH DATA ELEMENTS
- fixed length control field: 190402|| aca||aabn | a|a d
040 ## - CATALOGING SOURCE
- Original cataloging agency:
- Transcribing agency:
100 ## - HEADING--PERSONAL NAME
- Personal name: Landi, Antonio.
- Dates associated with a name: 1980-,
- Relator term: autore
670 ## - SOURCE DATA FOUND
- Source citation: Work cat.: ()0: Landi, Antonio. 1980-, autore, Generare alla vita in Cristo., 2017